| 000 | 00640nam a2200253 a 4500 | ||
|---|---|---|---|
| 001 | nice12345678 | ||
| 003 | IN_TiNIC | ||
| 005 | 20260116012838.0 | ||
| 008 | 050524s1991 newa grp 000 0 eng | ||
| 020 |
_a _c150 |
||
| 082 | 0 | 0 |
_a954.5487 _bFER |
| 100 | _aFernandes, Praxy | ||
| 245 |
_aTigers of Mysore _b Biography of Hyder Ali and Tipu Sultan |
||
| 260 |
_aNew Delhi _bPenguin Books _c1991 |
||
| 300 | _a248p | ||
| 500 | _aincludes index and biblioraphy | ||
| 505 | 2 | _aIndex | |
| 650 | _aIndia-History Mysore | ||
| 650 | _aTipu Sultan | ||
| 700 | 1 | _aFernandes, Praxy | |
| 902 | _bSRS | ||
| 942 | _cBK | ||
| 999 |
_c8614 _d8614 |
||